[Event "BCF-chT4 0506 (4NCL)"]
[Site "West Bromwich"]
[Date "2006.05.29"]
[Round "11.6"]
[White "Ghandi, Nayan"]
[Black "Soszynski, Marek J"]
[Result "1/2-1/2"]
[WhiteElo "1750"]
[BlackElo "1895"]
[PlyCount "93"]
[EventDate "2005.11.05"]
[EventType "team"]
[EventRounds "11"]
[EventCountry "ENG"]
[SourceTitle "CBM 109 Extra"]
[Source "ChessBase"]
[SourceDate "2006.01.03"]
[SourceVersion "2"]
[SourceVersionDate "2006.01.03"]
[SourceQuality "1"]
[WhiteTeam "King takes Pawn"]
[BlackTeam "Warwicks Select II"]
[WhiteTeamCountry "ENG"]
[BlackTeamCountry "ENG"]

1. e4 Nc6 2. Nf3 d6 3. Bc4 Nf6 4. d3 Bg4 5. Nbd2 e6 6. 0-0 Be7 7. c3 Ne5 8. Qe2 0-0 9. d4 Nxc4 10. Nxc4 d5 11. Ncd2 dxe4 12. Nxe4 h6 13. Qe3 Qd5 14. Ned2 c5 15. Qe5 cxd4 16. Qxd5 Nxd5 17. Nxd4 e5 18. Nc2 Rac8 19. a3 Rfd8 20. Re1 f6 21. f3 Bc5+ 22. Kh1 Bf5 23. Ne4 Bb6 24. a4 a6 25. Na3 Bxe4 26. Rxe4 Nxc3 27. Re1 Nd5 28. b3 Bd4 29. Ra2 Nb4 30. Rd2 Bc3 31. Rxd8+ Rxd8 32. Rf1 Nd3 33. Be3 Bd4 34. Nc4 b5 35. Bxd4 Rxd4 36. axb5 axb5 37. Na5 Kf7 38. g4 Nb2 39. Kg2 Rd2+ 40. Kg3 Kg6 41. Rc1 Nd3 42. Rc7 Nf4 43. Nc6 Rg2+ 44. Kh4 Rxh2+ 45. Kg3 Rh3+ 46. Kf2 Rh2+ 47. Kg3 1/2-1/2